Normal view
MARC view
- Liu, Zi-Kui
Entry Personal Name
001 - CONTROL NUMBER
- control field: 115438
003 - CONTROL NUMBER IDENTIFIER
- control field: NUST
005 - DATE AND TIME OF LATEST TRANSACTION
- control field: 20230912165334.0
008 - FIXED-LENGTH DATA ELEMENTS
- fixed length control field: 230912|| aca||aabn | a|a d
040 ## - CATALOGING SOURCE
- Original cataloging agency: NUST
- Transcribing agency: NUST
100 ## - HEADING--PERSONAL NAME
- Personal name: Liu, Zi-Kui
670 ## - SOURCE DATA FOUND
- Source citation: Work cat.: (NUST): Liu, Zi-Kui., Computational thermodynamics of materials /
